Systems analysis and design / (Record no. 95957)
[ view plain ]
| 000 -LEADER | |
|---|---|
| fixed length control field | 01207nam a22003137a 4500 |
| 005 - DATE AND TIME OF LATEST TRANSACTION | |
| control field | 20170717110411.0 |
| 010 ## - LCCN (DPL NO) | |
| LC control number | 1516EN07 ENG-114839 |
| 020 ## - INTERNATIONAL STANDARD BOOK NUMBER | |
| International Standard Book Number | 9789332547988 |
| Terms of availability | 595.00 |
| 020 ## - INTERNATIONAL STANDARD BOOK NUMBER | |
| International Standard Book Number | 9789332547988 |
| Terms of availability | 629.00 (AV) |
| 035 ## - SYSTEM CONTROL NUMBER | |
| System control number | EN-98371 |
| 035 ## - SYSTEM CONTROL NUMBER | |
| System control number | B-613871-886 |
| 035 ## - SYSTEM CONTROL NUMBER | |
| System control number | B-668053 |
| 037 ## - SOURCE OF ACQUISITION | |
| Stock number | DPL |
| Source of stock number/acquisition | Techniz/Ven |
| 037 ## - SOURCE OF ACQUISITION | |
| Source of stock number/acquisition | DBAD/PUB |
| 082 ## - DEWEY DECIMAL CLASSIFICATION NUMBER | |
| Classification number | 004.21 |
| 100 ## - MAIN ENTRY--PERSONAL NAME | |
| Personal name | Kendall, Kenneth E. |
| 245 ## - TITLE STATEMENT | |
| Title | Systems analysis and design / |
| Statement of responsibility, etc | by Kenneth E. Kendall [ and] Julie E. Kendall |
| 250 ## - EDITION STATEMENT | |
| Edition statement | 9th ed |
| 260 ## - PUBLICATION, DISTRIBUTION, ETC. (IMPRINT) | |
| Place of publication, distribution, etc | Noida |
| Name of publisher, distributor, etc | Pearson Education |
| Date of publication, distribution, etc | 2016 |
| 270 ## - ADDRESS | |
| Address | 7th Floor, Knowledge Boulevard, Sector 62, |
| City | Noida |
| Postal code | 201309 |
| 300 ## - PHYSICAL DESCRIPTION | |
| Extent | xxviii,518p. : |
| Dimensions | 28cm(pbk) |
| Other physical details | ill. |
| 500 ## - GENERAL NOTE | |
| General note | Includes index |
| 650 ## - SUBJECT ADDED ENTRY--TOPICAL TERM | |
| Topical term or geographic name as entry element | System design. |
| 650 ## - SUBJECT ADDED ENTRY--TOPICAL TERM | |
| Topical term or geographic name as entry element | System analysis. |
| 700 ## - ADDED ENTRY--PERSONAL NAME | |
| Personal name | Kendall, Julie E. |
| 942 ## - ADDED ENTRY ELEMENTS (KOHA) | |
| Source of classification or shelving scheme | Dewey Decimal Classification |
| Item type | English Books |
| Call number suffix | KEN |
| Classification part | 004.21 |
| Withdrawn status | Lost status | Not for loan | Collection code | Home library | Current library | Date acquired | Source of acquisition | Cost, normal purchase price | Full call number | Barcode | Cost, replacement price | Koha item type | Copy number |
|---|---|---|---|---|---|---|---|---|---|---|---|---|---|
| Non-fiction | Andrews Gunj | Andrews Gunj | 26/02/2016 | TZ-15261-C/24.9.2015/144/16.9.2015/4.11.2015 | 595.00 | 004.21 KEN | B-613880 | 595.00 | English Books | 1 | |||
| Non-fiction | Ashok Vihar | Ashok Vihar | 17/07/2017 | BPPD/EN/2015-16/AV/16-17/407/15.2.2017/17434/24.2.2017/ 18.3.2017 | 629.00 | 004.21 KEN | B-668053 | 629.00 | English Books | 1 | |||
| Non-fiction | Bawana | Bawana | 26/02/2016 | TZ-15261-C/24.9.2015/144/16.9.2015/4.11.2015 | 595.00 | 004.21 KEN | B-613884 | 595.00 | English Books | 1 | |||
| Non-fiction | Bawana | Bawana | 26/02/2016 | TZ-15261-C/24.9.2015/144/16.9.2015/4.11.2015 | 595.00 | 004.21 KEN | B-613886 | 595.00 | English Books | 1 | |||
| Non-fiction | Central Jail Tihar | Central Jail Tihar | 26/02/2016 | TZ-15261-C/24.9.2015/144/16.9.2015/4.11.2015 | 595.00 | 004.21 KEN | B-613876 | 595.00 | English Books | 1 | |||
| Non-fiction | Central Library | Central Library | 26/02/2016 | TZ-15261-C/24.9.2015/144/16.9.2015/4.11.2015 | 595.00 | 004.21 KEN | B-613871 | 595.00 | English Books | 1 | |||
| Not For Loan | Non-fiction | D.B.Act.Division | D.B.Act.Division | 05/02/2016 | DBAD/PUB | 540.00 | 003 KEN | EN-98371 | 540.00 | English Books | |||
| Non-fiction | Janak Puri | Janak Puri | 26/02/2016 | TZ-15261-C/24.9.2015/144/16.9.2015/4.11.2015 | 595.00 | 004.21 KEN | B-613877 | 595.00 | English Books | 1 | |||
| Non-fiction | Kasturba Gandhi Marg | Kasturba Gandhi Marg | 26/02/2016 | TZ-15261-C/24.9.2015/144/16.9.2015/4.11.2015 | 595.00 | 004.21 KEN | B-613874 | 595.00 | English Books | 1 | |||
| Written-off vide DLB M. No. 383 dt 16.05.19 | Non-fiction | Narela | Narela | 26/02/2016 | TZ-15261-C/24.9.2015/144/16.9.2015/4.11.2015 | 595.00 | 004.21 KEN | B-613885 | 595.00 | English Books | 1 | ||
| Non-fiction | New Police Line | New Police Line | 26/02/2016 | TZ-15261-C/24.9.2015/144/16.9.2015/4.11.2015 | 595.00 | 004.21 KEN | B-613872 | 595.00 | English Books | 1 | |||
| Non-fiction | Patel Nagar | Patel Nagar | 26/02/2016 | TZ-15261-C/24.9.2015/144/16.9.2015/4.11.2015 | 595.00 | 004.21 KEN | B-613873 | 595.00 | English Books | 1 | |||
| Non-fiction | Peshwa Road | Peshwa Road | 26/02/2016 | TZ-15261-C/24.9.2015/144/16.9.2015/4.11.2015 | 595.00 | 004.21 KEN | B-613875 | 595.00 | English Books | 1 | |||
| Non-fiction | Qila Rai Pithora | Qila Rai Pithora | 26/02/2016 | TZ-15261-C/24.9.2015/144/16.9.2015/4.11.2015 | 595.00 | 004.21 KEN | B-613882 | 595.00 | English Books | 1 | |||
| Non-fiction | R.K.Puram-8 | R.K.Puram-8 | 26/02/2016 | TZ-15261-C/24.9.2015/144/16.9.2015/4.11.2015 | 595.00 | 004.21 KEN | B-613879 | 595.00 | English Books | 1 | |||
| Non-fiction | Sarojini Nagar | Sarojini Nagar | 26/02/2016 | TZ-15261-C/24.9.2015/144/16.9.2015/4.11.2015 | 595.00 | 004.21 KEN | B-613878 | 595.00 | English Books | 1 | |||
| Non-fiction | Sriniwas Puri | Sriniwas Puri | 26/02/2016 | TZ-15261-C/24.9.2015/144/16.9.2015/4.11.2015 | 595.00 | 004.21 KEN | B-613881 | 595.00 | English Books | 1 | |||
| Non-fiction | Vinoba Puri | Vinoba Puri | 26/02/2016 | TZ-15261-C/24.9.2015/144/16.9.2015/4.11.2015 | 595.00 | 004.21 KEN | B-613883 | 595.00 | English Books | 1 |
